| 000 | 00592nam a2200229Ia 4500 | ||
|---|---|---|---|
| 003 | OSt | ||
| 005 | 20220928111145.0 | ||
| 006 | a|||||r|||| 00| 0 | ||
| 007 | ta | ||
| 008 | 220927b |||||||| |||| 00| 0 eng d | ||
| 024 | _a120334 | ||
| 037 | _cTextual | ||
| 040 |
_aSDCL _cSDCL _beng |
||
| 041 |
_2eng _aeng |
||
| 082 | _a2jN36, N7.1 | ||
| 100 | _aPrasher R G | ||
| 245 | 0 | _aLibraray and information science. | |
| 260 |
_aNew Delhi _bConcept Publishing _c1997 |
||
| 300 |
_a614p. _ccm. |
||
| 942 |
_h2jN36, N7.1 _cTEXL _2CC |
||
| 999 |
_c738240 _d738240 |
||